Wildest tests (Record no. 4323)

MARC details
000 -LEADER
fixed length control field 00392cam a2200157ua 4500
001 - CONTROL NUMBER
control field 5145
005 - DATE AND TIME OF LATEST TRANSACTION
control field 20260515113835.0
008 - FIXED-LENGTH DATA ELEMENTS--GENERAL INFORMATION
fixed length control field 120302n ii |||gr||||Z||||||eng
040 ## - CATALOGING SOURCE
Transcribing agency MAIN
100 1# - MAIN ENTRY--PERSONAL NAME
Personal name Rabinson, Ray,
Relator term Author,
245 11 - TITLE STATEMENT
Title Wildest tests
Statement of responsibility, etc. by Ray Robinson
250 ## - EDITION STATEMENT
Edition statement 3rd.
260 ## - PUBLICATION, DISTRIBUTION, ETC.
Place of publication, distribution, etc. Delhi:
Name of publisher, distributor, etc. Vikas publishing house pvt. ltd.,
Date of publication, distribution, etc. 1975.
300 ## - PHYSICAL DESCRIPTION
Extent 186p:
Dimensions 15cm.
942 ## - ADDED ENTRY ELEMENTS (KOHA)
Koha item type Books
Holdings
Withdrawn status Lost status Damaged status Not for loan Home library Current library Shelving location Date acquired Total checkouts Full call number Barcode Date last seen Copy number Price effective from Koha item type
        Naharkatiya College Library Naharkatiya College Library General stacks 09/19/2020   RAB 8440(A) 09/19/2020 1 09/19/2020 Books